000
00330nam a2200145Ia 4500
100
_a
Braspenning/P.J./ Thujsman F
942
_c
BK
654
_a
Computer
245
_a
Lectures Notes in Computer Science 931
260
_b
Springer
_a
New Delhi
_c
1995
082
_a
6.3
_b
BRA
300
_a
293
546
_a
ENGLISH
999
_c
32477
_d
32477